000 00298nam a22001337a 4500
008 170527b xxu||||| |||| 00| 0 eng d
020 _a0948507888
041 _aeng
080 _a007.52
100 _a27
101 _aIM
245 _aFLEXIBLE ASSEMBLY SYSTEMS
_cANDREASEN, M.M
942 _2udc
_cBK
999 _c14680
_d14680